000 01625cam a22002415a 4500
001 L145128
008 080909s2008 xxkdeo f 000 0 eng d
020 _a9780860176619
035 _a(Sirsi) u145128
041 0 _aeng
050 0 4 _a690.2 $2 18
100 1 _aBuenfeld, Nick
245 0 0 _aIntelligent monitoring of concrete structures
260 _aLondon
_bCIRIA
_c2008
300 _ax, 116p.
_bill.
_c30cm. +
_e1 CD-ROM
505 2 _aSummary -- Acknowledgements -- Foreword -- List of figures -- List of tables -- Introduction -- The role of intelligent monitoring in the management of concrete structures -- Automated monitoring -- Predicting remaining life based on monitoring data -- Case studies -- Looking to the future -- References
520 _aReports a project from the Department for Trade and Industry (DTI). Aims to introduce the topic of intelligent monitoring and help users' access to the information provided by the DTI reports. Presents the automated monitoring of concrete structures. Explains that intelligent monitoring is helpful to the management of concrete structure, in allowing detection of deterioration processes and the rate at which they occur. Shows that it permits less expensive methods of rectification. Suggests that this type of monitoring helps to determine the remaining life of a component or a structure. Suggests that sensors can monitor structural condition, corrosion, the environment inside and outside the building.
521 _aAdvanced
590 _aKA
651 4 _aEngland and Wales
_y1543-
690 _aBUILT ENVIRONMENT-CONSTRUCTION DESIGN
942 _n0
999 _c108697
_d108697